=LDR 00000nam 2200000 4500 =001 INLIS000000000011878 =005 20130612103428 =008 ***********************************Ind** =035 ##$$0010-061300000011878 =041 ##$$a Ind =082 ##$$a 428.07 =090 ##$$a 428.07, cip. k =100 ##$$a Cipto, Toto =245 ##$$a Kompetensi komunikatif bahasa inggris , prongram Ilmu-ilmu fisik dan Ilmu-Ilmu Biologiuntuk SMA, oleh Toto Ciptono, Berihard Pribadi =260 ##$$a 1990 $b Kalimantan =300 ##$$a ....jil, 28 cm =650 ##$$a Bahasa Inggris =650 ##$$a studi dan pengajaran =700 ##$$a Pribadi, berihard =850 ##$$a NBPNMAT